| 000 | 00492nam a2200181Ia 4500 | ||
|---|---|---|---|
| 008 | 160418s9999 xx 000 0 und d | ||
| 020 | _a971-23-1572 | ||
| 050 | _aFIL PL 6051 | ||
| 050 | _b.W55 1994 | ||
| 245 | _aWika at panitikan : | ||
| 245 | _baklat sa Filipino 2 sa kolehiyo at pamantasan / | ||
| 260 | _aQuezon City: | ||
| 260 | _bRex Printing Company, Inc. | ||
| 260 | _c1994 | ||
| 300 | _a232 pages : | ||
| 300 | _c22 cm. | ||
| 650 | _aLiterature -- Philippines (Filipino). | ||
| 999 |
_c293450 _d293450 |
||